Les 5 villes françaises où l'on se plaint le MOINS - Statistiques

Statistiques générales
  • Ce quiz a été pris 42 fois
  • Le résultat moyen est 3 sur 5
Statistiques - réponses
Villes % Correct
2) Nantes
71%
4) Rennes
66%
5) Montpellier
56%
1) Grenoble
34%
3) Saint-Etienne
32%
Aucun quiz correspondant
Distribution des résultats
% des personnes avec chaque résultat
Percentile par nombre de réponses
Votre historique - résultats
Vous n’avez pas pris ce quiz